000 00702nam a2200241Ia 4500
005 20250508164538.0
008 008 250505s9999 xx 000 0 eng d
037 _aTextual
040 _aFEDL
_beng
_cFEDL
041 _aeng
_2eng
084 _a370.1523, JOH
_qFEDL
100 _aJohnson David W
245 0 _aLearning together and alone: Cooperative, competitive, and individualistic learning
250 _a2
260 _aNew Jeresy, USA
_bPrentice Hall
_c1987
300 _axiii,193p.
365 _aUSD
_b16.95
546 _aMACESE
650 _aEducation - Learning
700 _a Johnson Roger T
_9778404
942 _cTEXL
_h370.1523, JOH
999 _c1389715
_d1389715